Nový zákon ; Žalmy : Nová Bible kralická /

Další autoři: Flek, Alexandr, 1968-
Jazyk: Čeština
Vydáno: České Budějovice : Biblion, c2006
Vydání: Nový zákon 4., revid. vyd., Žalmy 1. vyd.
Témata:
Externí odkaz: Digitalizovaný dokument
Fyzický popis: 10, 577 s. ; 15 cm
Knihy
Uloženo v:
LEADER 01774nam a2200505 a 4500
001 nkc20071704789
003 CZ PrNK
005 20090603084953.0
007 ta
008 070112s2006 xr e 000 m cze
015 |a cnb001704789 
020 |a 80-903528-5-5  |q (váz.) 
035 |a (OCoLC)124090145 
040 |a ABA001  |b cze 
041 1 |a cze  |h grc  |h heb 
072 7 |a 2-23/-27  |x Bible. Biblistika  |2 Konspekt  |9 5 
080 |a 27-246  |2 MRF 
080 |a 27-243.63  |2 MRF 
080 |a 26-23  |2 MRF 
080 |a 27-232/-236  |2 MRF 
080 |a (0:82-9)  |2 MRF 
130 0 |a Bible.  |p Nový zákon.  |l Česky  |7 unn2006374671 
245 1 0 |a Nový zákon ;  |b Žalmy : Nová Bible kralická /  |c [přeložil Alexandr Flek] 
246 3 0 |a Nová Bible kralická 
250 |a Nový zákon 4., revid. vyd., Žalmy 1. vyd. 
260 |a České Budějovice :  |b Biblion,  |c c2006 
300 |a 10, 577 s. ;  |c 15 cm 
500 |a Přeloženo z řečtiny a hebrejštiny 
630 0 7 |a Bible.  |p Žalmy  |7 unn2006374768  |2 czenas 
630 0 7 |a Bible.  |p Nový zákon  |7 unn2006374670  |2 czenas 
630 0 9 |a Bible.  |p Psalms  |2 eczenas 
630 0 9 |a Bible.  |p New Testament  |2 eczenas 
650 0 7 |a biblické texty  |7 ph118860  |2 czenas 
650 0 9 |a Biblical texts  |2 eczenas 
655 7 |a texty  |7 fd133699  |2 czenas 
655 9 |a texts  |2 eczenas 
700 1 |a Flek, Alexandr,  |d 1968-  |7 xx0003017  |4 trl 
730 0 2 |a Bible.  |p Žalmy.  |l Česky  |7 unn2006374770 
740 0 2 |a Žalmy 
856 4 1 |u http://www.digitalniknihovna.cz/mzk/uuid/uuid:223f49f0-ea7f-11e9-9a61-005056827e52  |y Digitalizovaný dokument  |x NDK 
910 2 |a BOA001  |b 1-1224.259 
990 |a BK 
995 |a 01 
991 |b 200906  |c NOV 
996 6 |b 2610379503  |c 1-1224.259  |l MZK  |r Sklad / do 1 hodiny  |n 0  |p p.v.  |w 000940900  |u 000010  |a 1  |e BOA001  |j MZK50  |s P